000 00918nas a2200289 4500
001 BR2010001159
003 BR-BrBNA
005 20231205113945.0
007 ta
008 230509b bl.|||p| |||| 00| 00por d
040 _aBR-BrBNA
_bpor
_cBiblioteca Nacional de Agricultura
041 _a(Pt)
072 _aF03
100 1 _aAraújo, A.V.
100 1 _aSales, N.L.P.
100 1 _aFerreira, I.C.P.V.
100 1 _aBrandão Júnior, D.
100 1 _aMartins, E.R.
245 1 _aGerminação, vigor e sanidade de sementes de fava d'anta (Dimorphandra mollis Benth)obtidas de frutos coletados no solo e na planta
650 _aFAVA
650 _aGERMINAÇÃO
650 _aVIGOR
650 _aQUALIDADE
773 0 _tRevista Brasileira de Plantas Medicinais (Brazil)
_xISSN 1516-0572
_g(May 2009), v. 11(2) p. 170-175
_wBR2010001159
909 _a202311
_bLúcia
_c55
_dLúcia Elande
942 _2AGRIS
_n0
_cANA
999 _c206444
_d206444